| 000 | 00841nam a22002417a 4500 | ||
|---|---|---|---|
| 999 |
_c2208 _d2208 |
||
| 003 | AR-CdUCM | ||
| 008 | 190304b ||||| |||| 00| 0 spa d | ||
| 040 |
_aMUNICIPALIDAD PROVINCIAL DEL CUSCO _cBIBLIOTECA MUNICIPAL DEL CUSCO |
||
| 041 | _hger | ||
| 082 |
_23ed. _a921 / _bST83 |
||
| 100 |
_aStrauss, David Federico _97965 |
||
| 245 | _aVoltaire / | ||
| 260 |
_aMéxico D. F. : _bGrijalbo, _c1958. |
||
| 300 |
_a322 páginas ; _bilustraciones, _c22 cm. |
||
| 440 |
_aBiografías Gandesa. _94521 |
||
| 505 | _aContenido: Voltaire y su siglo -- Voltarire y los ingleses -- Voltaire y Federico el Grande -- Voltaire, el satírico -- Voltaire, el filósofo ... | ||
| 650 |
_aBiografía _922 |
||
| 650 |
_aHistoria _9136 |
||
| 650 |
_aFrancia _91444 |
||
| 700 |
_aMonte, Luis del (traducción) _97966 |
||
| 942 |
_2ddc _cLIBROS |
||
| 945 | _aachl | ||